| 000 | 01879nam a2200337 i 4500 | ||
|---|---|---|---|
| 003 | EG-GICUC | ||
| 005 | 20260513212217.0 | ||
| 008 | 260513s2003 ua ||||fr|||| 00| 0 ara d | ||
| 040 |
_a EG-GICUC _bara _c EG-GICUC _d EG-GICUC _erda |
||
| 041 | 0 | _aara | |
| 082 | 0 | 4 |
_221 _a345.2 _bز ك . أ |
| 092 | 0 | 4 | _221 |
| 099 | _aLaw1 07 345.2 ز ك . أ 2003 | ||
| 100 | 0 |
_a زكريا زكريا المصري _eمؤلف. |
|
| 245 | 1 | 0 |
_aأسس القانون الإدارى : _b(دراسة مقارنة) فى التشريع والفقه وأحكام القضاء فى مصر وليبيا وبعض الدول العربية والأجنبية / _cتأليف الدكتور / زكريا زكريا المصري. |
| 264 |
_a[مكان النشر غير محدد] : _b[الناشر غير محدد], _c2003. |
||
| 300 |
_a864 ؛ صفحة _c24 سم |
||
| 336 |
_2rda content _atext |
||
| 337 |
_2rda media _aComputer |
||
| 338 |
_2rda carrier _aOnline Resource |
||
| 504 | _aيشتمل علي قائمة مراجع | ||
| 504 | _aيشتمل علي ارجاعات ببليوجرافية | ||
| 505 | _aالتنظيم الإدارى - النشاط الإدارى خصائص القانون الإدارى المقارن - المركزية والامركزية وسائل الإدارة القرار الإداري - العقود الإدارية - الأموال العامة - أحكام الوظيفة العامة مهام الإدارة المرفق العام والضبط الإداري - التنفيذ المباشر وإجراءات نزع الملكية للمنفعة العامة - الحجز الإداري | ||
| 546 | _aالنص باللغة العربية | ||
| 650 | 1 | 4 | _2qrmak |
| 650 | 1 | 4 |
_aالقانون الاداري _2qrmak |
| 651 | 1 | _2qrmak | |
| 856 | 4 | 0 | _uhttps://fll.law.cu.edu.eg/fulltext/bks/B07-00017.pdf |
| 905 | _a47 | ||
| 942 |
_2ddc _n0 _cBK _e21 |
||
| 999 |
_c76852 _d76852 |
||